| 000 | 00833nam a2200265Ia 4500 | ||
|---|---|---|---|
| 005 | 20210727153202.0 | ||
| 008 | 141031s9999 ck 000 0 spa d | ||
| 020 | _a9786074000009 | ||
| 100 | 1 |
_aBlake, Quentín, _d1932- |
|
| 245 | 1 | 0 |
_aSólo se es joven... _bdos veces _ctexto e ilustración Quentín Blake |
| 250 | _a1a edición | ||
| 300 |
_a48 páginas _bilustraciones en color _c22 cm. |
||
| 490 | _aTravesía | ||
| 534 | _tYou're only young twice!. | ||
| 650 | 1 | 4 |
_2LEMB _aCuentos infantiles ingleses |
| 650 | 1 | 4 |
_2LEMB _aLiteratura infantil inglesa |
| 650 | 1 | 4 |
_2LEMB _aAncianos |
| 942 |
_2loc _cBKINF |
||
| 264 |
_aMéxico _bOcéano Travesía _c2008 |
||
| 336 |
_atexto _btxt _2rdacontent |
||
| 337 |
_asin mediación _bn _2rdamedia |
||
| 338 |
_avolumen _bnc _2rdacarrier |
||
| 040 |
_aCO-BoRNBP _bspa _erda _cCO-BoRNBP |
||
| 084 | _aC BLA10 | ||
| 999 |
_c3845 _d3845 |
||